Central Library OPAC University of Rajshahi

বলবিদ্যা পদার্থের সাধারণ ধর্ম ও শব্দবিদ্যা / (Record no. 39842)

MARC details
000 -LEADER
fixed length control field 01044nam a2200265 a 4500
001 - CONTROL NUMBER
control field 39842
003 - CONTROL NUMBER IDENTIFIER
rucl marc code BD-RjUL
005 - DATE AND TIME OF LATEST TRANSACTION
control field 20211209053054.0
008 - FIXED-LENGTH DATA ELEMENTS--GENERAL INFORMATION
fixed length control field 160419s1984 bg a||| |||| 00| 0 ben d
020 ## - INTERNATIONAL STANDARD BOOK NUMBER
Terms of availability : Tk. 100.00
035 ## - SYSTEM CONTROL NUMBER
System control number (BD-RjUL)39956
040 ## - CATALOGING SOURCE
Original cataloging agency BD-RjUL
Language of cataloging ben
Transcribing agency BD-RjUL
041 ## - LANGUAGE CODE
Language code of text/sound track or separate title ben
082 ## - DEWEY DECIMAL CLASSIFICATION NUMBER
Edition number 23
Classification number 531
Author mark and year ALB 1984
100 ## - MAIN ENTRY--PERSONAL NAME
Personal name আলী, এম ইন্নাস
9 (RLIN) 122738
245 10 - TITLE STATEMENT
Title বলবিদ্যা পদার্থের সাধারণ ধর্ম ও শব্দবিদ্যা /
Statement of responsibility, etc. এম ইন্নাস আলী, সুলতান আহমদ
260 ## - PUBLICATION, DISTRIBUTION, ETC. (IMPRINT)
Place of publication, distribution, etc. ঢাকা :
Name of publisher, distributor, etc. বাংলা একাডেমী,
Date of publication, distribution, etc. ১৯৮৪
300 ## - PHYSICAL DESCRIPTION
Pagination [১০] ৫৮৭ পৃ. :
Illustrations চিত্র. ;
Size ২৩ সেমি.
650 ## - SUBJECT ADDED ENTRY--TOPICAL TERM
Topical term or geographic name as entry element বলবিদ্যা
9 (RLIN) 122739
Topical term or geographic name as entry element Mechanics
9 (RLIN) 122740
Topical term or geographic name as entry element শব্দবিদ্যা
9 (RLIN) 161615
Topical term or geographic name as entry element Sound
9 (RLIN) 161616
700 ## - ADDED ENTRY--PERSONAL NAME
Personal name আহমদ, সুলতান, যুগ্ম লেখক
942 ## - ADDED ENTRY ELEMENTS (KOHA)
Source of classification or shelving scheme Dewey Decimal Classification
Koha item type Books
Holdings
Lost status Source of classification or shelving scheme Damaged status Not for loan Collection code Permanent Location Current Location Shelving location Date acquired Source of acquisition Cost, normal purchase price Total Checkouts Full call number Date last seen Copy number Koha item type
  Dewey Decimal Classification     Non-fiction Central Library, University of Rajshahi Central Library, University of Rajshahi   25/10/1987 Bangla Academy 100.00   B 531 ALB 1984 19/04/2016 C-5 Books
  Dewey Decimal Classification     Non-fiction Central Library, University of Rajshahi Central Library, University of Rajshahi   10/11/1996 Bangla Academy, Dhaka 100.00   B 531 ALB 1984 19/04/2016 C-2 Books
  Dewey Decimal Classification     Non-fiction Central Library, University of Rajshahi Central Library, University of Rajshahi   21/11/1994 PSL 100.00   B 531 ALB 1984 19/04/2016 C-3 Books
  Dewey Decimal Classification     Non-fiction Central Library, University of Rajshahi Central Library, University of Rajshahi   21/11/1994 Bangla Academy, Dhaka 100.00   B 531 ALB 1984 17/07/2016 C-4 Books
  Dewey Decimal Classification     Non-fiction Central Library, University of Rajshahi Central Library, University of Rajshahi   25/10/1987 Bangla Academy , Dhaka 100.00   B 531 ALB 1984 22/08/2016 C-1 Books
  Dewey Decimal Classification     Non-fiction Central Library, University of Rajshahi Central Library, University of Rajshahi   10/10/1992 Bangla Academy , Dhaka 100.00   B 531 ALB 1984 22/08/2016 C-6 Books
  Dewey Decimal Classification     Non-fiction Central Library, University of Rajshahi Central Library, University of Rajshahi   25/10/1987 Bangla Academy, Dhaka 100.00   B 531 ALB 1984 17/01/2017 C-7 Books
  Dewey Decimal Classification     Non-fiction Central Library, University of Rajshahi Central Library, University of Rajshahi General Stacks 25/10/1987 Bangla Academi 100.00   B 531 ALB 1984 29/05/2022 C-8 Books